Diseño de circuitos y sistemas integrados
Saved in:
| Main Authors: | , , , , , |
|---|---|
| Format: | Bog |
| Sprog: | spansk |
| Udgivet: |
Ciudad de México
Alfaomega
2005
|
| Fag: | |
| Tags: |
Tilføj Tag
Ingen Tags, Vær først til at tagge denne postø!
|
MARC
| LEADER | 00000nam a2200000 a 4500 | ||
|---|---|---|---|
| 001 | UCK5976 | ||
| 003 | CL-VaPUC | ||
| 008 | 050902e20050000MX |||||||||||||||||spa|d | ||
| 020 | |a 9701507762 | ||
| 082 | 0 | 4 | |a 621.3815 |b RUB |2 21 |
| 100 | 0 | |a Rubio, Antonio |e author |9 495024 | |
| 700 | 0 | |a Altet, Josep |e author |9 495025 | |
| 700 | 0 | |a Aragonés, Xavier |e author |9 495026 | |
| 700 | |a González Jiménez, José Luis |e author |9 495027 | ||
| 700 | 0 | |a Mateo, Diego |e author |9 495028 | |
| 700 | 0 | |a Moll, Francesc |e author |9 495029 | |
| 245 | 1 | 0 | |a Diseño de circuitos y sistemas integrados |
| 300 | |a 446 p | ||
| 942 | |c BK | ||
| 945 | |d 20050902 00:00:00 |a cmena | ||
| 260 | |a Ciudad de México |b Alfaomega |c 2005 | ||
| 650 | 0 | |a Diseño de circuitos |9 436862 | |
| 650 | 0 | |a Circuitos electrónicos |9 260204 | |
| 650 | 0 | |a Circuitos integrados |9 260673 | |
| 583 | |a last modification |c 20050902 00:00:00 |k Rodrigo Vera | ||
| 999 | |c 314388 |d 314386 | ||
| 952 | |0 0 |1 0 |2 ddc |4 0 |6 621_381500000000000_RUB_2005 |7 0 |8 A |9 386596 |a BIBING |b BIBING |c RES |d 2019-11-22 |i 4160762 |o 621.3815 RUB 2005 |p 4160762 |r 2025-01-20 |w 2019-11-22 |y BK |k EIE | ||
| 952 | |0 0 |1 0 |2 ddc |4 0 |6 621_381500000000000_RUB_2005 |7 0 |8 A |9 386597 |a BIBING |b BIBING |c RES |d 2019-11-22 |i 4248252 |o 621.3815 RUB 2005 |p 4248252 |r 2025-01-20 |w 2019-11-22 |y BK |k EIE | ||
| 952 | |0 0 |1 0 |2 ddc |4 0 |6 621_381500000000000_RUB_2005 |7 0 |8 A |9 386598 |a BIBING |b BIBING |c RES |d 2019-11-22 |i 4281632 |o 621.3815 RUB 2005 |p 4281632 |r 2025-01-20 |w 2019-11-22 |y BK |k EIE | ||